000 01809nam0a22003851 4500
001 v19\rc\1522456
005 20250618194037.0
035 _a(NLR Aleph) 004682226
090 _a3822903
_c3822903
100 _a20060620d1886 |||y0rusy50 ca
101 0 _arus
102 _aRU
105 _ay z |||||
200 1 _aОтвет Глинки-Янчевского на рецензию г. Е.И., помещенную в "Русском инвалиде" о сочинении "Крепости-лагери"
210 _a[Санкт-Петербург]
_cтип. Э. Арнгольда
_dценз. 1886
215 _a16 с.
_d28
300 _aВ конце текста авт. - С. Глинка-Янчевский
309 _aБез тит. л. и обл.
532 1 2 _aОтвет Глинки-Янчевского на рецензию господина Е.И., помещенную в "Русском инвалиде" о сочинении "Крепости-лагери"
604 _150010$aКрепости-лагери
_1700#1$aГлинка-Янчевский$bС.К.$f1844-$gСвятослав Казимирович$9z02790
700 1 _9z01790
_aГлинка-Янчевский
_bС.К.
_f1844-
_gСвятослав Казимирович
702 0 _aЕ.И.
_4570
790 1 _9z01700
_aЯнчевский
_bС.К.
_f1844-
_gСвятослав Казимирович
790 1 _9z02700
_aЯнчевский
_bС.К.
_f1844-
_gСвятослав Казимирович
801 0 _aRU
_bNLR
_gpsbo
801 0 _aRU
_bRuMoRGB
_2psbo
801 1 _aRU
_bProSoft-M
_2rusmarc
852 _aNLR
_j18.191.1.317
899 _aRuMoRGB
_jΔ 11/571
899 _aRuMoRGB
_jΔ 122/170
899 _aRuMoRGB
_jΔ 150/222
899 _aRuMoRGB
_jO 54/594
899 _aБАН
942 _cBOOK
980 _aNB